00284nam a2200097Ia 4500008004100000020001800041100003100059245002500090260005200115300001900167180205s9999 xx 000 0 und d a9789719232322 aQuisumbing, Lourdes Reynes 4aThe bluebird sings / aParañaque CitybSaranggola publicationsc2007 aiii, 133 pages